| 000 -LEADER |
| fixed length control field |
00831nam a2200241 a 4500 |
| 008 - FIXED-LENGTH DATA ELEMENTS--GENERAL INFORMATION |
| fixed length control field |
190912r20052010uk a|||gr|||| 001 0 eng d |
| 020 ## - INTERNATIONAL STANDARD BOOK NUMBER |
| International Standard Book Number |
9780521687232 |
| Terms of availability |
Rs. 245.00 |
| 040 ## - CATALOGING SOURCE |
| Original cataloging agency |
IMU Kochi Library |
| Language of cataloging |
eng |
| 041 0# - LANGUAGE CODE |
| Language code of text/sound track or separate title |
eng |
| 044 ## - COUNTRY OF PUBLISHING/PRODUCING ENTITY CODE |
| MARC country code |
India |
| 082 04 - DEWEY DECIMAL CLASSIFICATION NUMBER |
| Edition number |
23 |
| Classification number |
428 |
| Item number |
M1271 |
| 100 1# - MAIN ENTRY--PERSONAL NAME |
| Personal name |
McCarthy, Michael |
| 245 10 - TITLE STATEMENT |
| Title |
English Collocations in Use : |
| Sub Title |
How words work together for fluent and natural English: Self-Study and Classroom use / |
| 260 ## - PUBLICATION, DISTRIBUTION, ETC. (IMPRINT) |
| Place of publication, distribution, etc |
UK : |
| Name of publisher, distributor, etc |
Cambridge University Press, |
| Date of publication, distribution, etc |
2005 |
| 300 ## - PHYSICAL DESCRIPTION |
| Extent |
190 p. : |
| Other physical details |
ill. ; |
| Dimensions |
26 cm. |
| 504 ## - BIBLIOGRAPHY, ETC. NOTE |
| Bibliography, etc |
Includes index. |
| 650 #0 - SUBJECT ADDED ENTRY--TOPICAL TERM |
| Topical term or geographic name as entry element |
English language |
| General subdivision |
Textbooks for foreign speakers |
| Form subdivision |
Textbooks |
| 650 #0 - SUBJECT ADDED ENTRY--TOPICAL TERM |
| Topical term or geographic name as entry element |
Collocation (Linguistics) |
| Form subdivision |
Textbooks |
| 650 #0 - SUBJECT ADDED ENTRY--TOPICAL TERM |
| Topical term or geographic name as entry element |
English Language |
| General subdivision |
Grammar |
| Form subdivision |
Textbooks |
| 700 1# - ADDED ENTRY--PERSONAL NAME |
| Personal name |
O'Dell, Felicity |
| Relator term |
Joint Author |
| 852 ## - LOCATION/CALL NUMBER |
| Location |
IMU Kochi Library |
| 942 ## - ADDED ENTRY ELEMENTS (KOHA) |
| Item type |
Books |